| 000 | 01532cam a2200361 i 4500 | ||
|---|---|---|---|
| 001 | 15096754 | ||
| 003 | EG-ScBUE | ||
| 005 | 20260426091305.0 | ||
| 008 | 071129t1998 ne a f b 101 0 eng d | ||
| 020 | _a0750308672 | ||
| 020 | _a9780750308670 | ||
| 035 | _a(OCoLC)ocm50729796 | ||
| 040 |
_aTEF _beng _erda _cTEF _dUKM _dBAKER _dYDXCP _dDLC _dEG-ScBUE |
||
| 082 | 0 | 4 |
_a539.72167 _222 _bHEA |
| 111 | 2 |
_aScottish Universities Summer School in Physics _n(55th : _d2001 : _cSt. Andrews, Scotland) _97231 |
|
| 245 | 1 | 0 |
_aHeavy flavour physics : _btheory and experimental results in heavy quark physics and CP violation : proceedings of the Fifty-Fifth Scottish Universities Summer School in Physics, St. Andrews, 7 August - 23 August 1998/ _cedited by C. Davies, S.M. Playfer. |
| 264 | 1 |
_aAmsterdam : _bIOS Press, _c[1998] |
|
| 264 | 4 | _cc1998 | |
| 300 |
_axi, 393 pages : _billustrations ; _c24 cm. |
||
| 336 |
_2rdacontent _atext _btxt |
||
| 337 |
_aunmediated _2rdamedia _bn |
||
| 338 |
_avolume _bnc _2rdacarrier |
||
| 490 | 0 | _aInstitute of Physics Scottish graduate textbook series | |
| 500 | _a"A NATO Advanced Study Institute." | ||
| 504 | _aIncludes bibliographical references and index. | ||
| 650 | 7 |
_aQuantum flavor dynamics _vCongresses. _2BUEsh _97232 |
|
| 650 | 7 |
_aQuarks _vCongresses. _2BUEsh _97233 |
|
| 650 | 7 |
_aCP violation (Nuclear physics) _vCongresses. _2BUEsh _97234 |
|
| 655 | _vReading book | ||
| 700 | 1 |
_aDavies, C. T. H., _eeditor. _97235 |
|
| 700 | 1 |
_aPlayfer, S. M. _q(Steve M.) _eeditor. _97236 |
|
| 942 |
_2ddc _cBB |
||
| 999 |
_c12117 _d12117 |
||